00694pam a2200229 a 4500001000800000005001700008008004100025010001700066020002500083040001800108041000800126080001900134082002300153100000700176101000800183245004200191504003900233906004500272942001200317999001700329952011800346329574220180307034354.0830706s1983 ctua b 001 0 eng  a 83009186  a0870554166 :c$22.00 aDLCcDLCdDLC aeng a641.300154 LEE00a641.300154 LEE2191 a12 aKIM10aBasic food chemistry /cFrank A. Lee. aIncludes bibliographies and index. a7bcbccorignewd1eocipf19gy-gencatlg 2ddccBK c44258d44258 00102udc40708PËKGa002b002cPËKGd2018-03-07l0o641.300154 LEEp002-3000988r2018-03-07w2018-03-07yBK